[Event "36th Barbera Open"]
[Site "Barbera del Valles ESP"]
[Date "2013.07.09"]
[Round "6.15"]
[White "Sachdev,T"]
[Black "Martinez Ramirez,E"]
[Result "1/2-1/2"]
[WhiteElo "2430"]
[BlackElo "2306"]

1.d4 Nf6 2.c4 g6 3.Nc3 d5 4.cxd5 Nxd5 5.e4 Nxc3 6.bxc3 Bg7 7.Bc4 O-O 8.Ne2 c5
9.Be3 Nc6 10.Rc1 Na5 11.Bd3 b6 12.Qd2 e5 13.dxe5 Bxe5 14.O-O Be6 15.c4 f5
16.exf5 Bxf5 17.Bxf5 Rxf5 18.Qc2 Nc6 19.Ng3 Bxg3 20.hxg3 Nb4 21.Qb3 Rf8 22.Rcd1 Qf6
23.Bd2 Nc6 24.Bc3 Nd4 25.Bxd4 cxd4 26.Rd3 Kg7 27.Qb2 Rfd8 28.Rfd1 Rac8 29.Rxd4 Rxd4
30.Qxd4 Qxd4 31.Rxd4 Kf6 32.Rd7 Rxc4 33.Rxa7 Rc1+ 34.Kh2 h5 35.Rb7 Rb1 36.g4 hxg4
37.Kg3 Rb2 38.Kxg4 Rxf2 39.Rxb6+ Kf7 40.Rb7+ Kf6  1/2-1/2

[Event "Commonwealth & RSA Open"]
[Site "Port Elizabeth RSA"]
[Date "2013.07.09"]
[Round "6.1"]
[White "Lalith,B"]
[Black "Gupta,Ab"]
[Result "0-1"]
[WhiteElo "2571"]
[BlackElo "2583"]

1.d4 Nf6 2.c4 g6 3.Nc3 d5 4.cxd5 Nxd5 5.e4 Nxc3 6.bxc3 Bg7 7.Qa4+ Nd7 8.Nf3 O-O
9.Be2 c5 10.O-O Nb6 11.Qa3 cxd4 12.cxd4 Bg4 13.Be3 Bxf3 14.Bxf3 Nc4 15.Qb3 Nxe3
16.fxe3 e5 17.Qxb7 exd4 18.Rab1 Qg5 19.exd4 Bxd4+ 20.Kh1 Rab8 21.Qd7 Rbd8
22.Qa4 Qe5 23.Qb3 h5 24.Be2 Kg7 25.Bc4 f6 26.Bd5 Bb6 27.Rbc1 f5 28.Qg3 f4
29.Qc3 Qxc3 30.Rxc3 g5 31.g3 fxg3 32.Rxf8 Rxf8 33.Rxg3 Rf1+ 34.Kg2 Rf2+ 35.Kh1 Kh6
36.h3 Bd4 37.Rd3 Be5 38.Be6 Re2 39.Kg1 Rxe4 40.Kg2 Bd4 41.Bd5 Re2+ 42.Kf3 Rf2+  0-1

[Event "ch-BEL Open 2013"]
[Site "Antwerp BEL"]
[Date "2013.07.10"]
[Round "5.2"]
[White "Motwani,P"]
[Black "Roos,Dav"]
[Result "1/2-1/2"]
[WhiteElo "2499"]
[BlackElo "2073"]

1.d4 Nf6 2.c4 g6 3.Nc3 d5 4.cxd5 Nxd5 5.e4 Nxc3 6.bxc3 Bg7 7.Bc4 c5 8.Ne2 O-O
9.Be3 Nc6 10.Rc1 cxd4 11.cxd4 Bg4 12.f3 Bd7 13.O-O Rc8 14.Qd3 a6 15.Qb1 b5
16.Bd5 Na5 17.Rxc8 Bxc8 18.a3 e6 19.Ba2 Qd6 20.Qb4  1/2-1/2

[Event "36th Barbera Open"]
[Site "Barbera del Valles ESP"]
[Date "2013.07.10"]
[Round "7.4"]
[White "Narciso Dublan,M"]
[Black "Pulvett,D"]
[Result "1-0"]
[WhiteElo "2536"]
[BlackElo "2405"]

1.d4 Nf6 2.c4 g6 3.Nc3 d5 4.cxd5 Nxd5 5.e4 Nxc3 6.bxc3 Bg7 7.Qa4+ Nd7 8.Nf3 O-O
9.Bg5 c5 10.Rc1 h6 11.Be3 Nb6 12.Qa3 cxd4 13.cxd4 Qd6 14.Qa5 f5 15.Bd3 fxe4
16.Bxe4 Bf5 17.Bxb7 Rab8 18.Qa6 e6 19.O-O Rf7 20.Bc6 Nd5 21.Bb5 Qxa6 22.Bxa6 Rb2
23.Bc4 Be4 24.Rfe1 Bxf3 25.gxf3 Rxf3 26.Re2 Rb6 27.Bb3 Kh7 28.Bxd5 exd5 29.Rc7 Rff6
30.Rxa7 Ra6 31.Rd7 Rfd6 32.Rxd6 Rxd6 33.a4 Ra6 34.Ra2 g5 35.f3 Kg6 36.Kf2 Bf8
37.Ke2 Bb4 38.Kd3 Kf5 39.Bd2 Bd6 40.h3 Ke6 41.a5 Kd7 42.Rc2 Ra7 43.Ke2 Ra6
44.Kf2 Ra8 45.Kg2 Re8 46.a6 Ra8 47.Ra2 Bc7 48.h4 gxh4 49.Kh3 Bb6 50.Be3 Ba7
51.Kxh4 Re8 52.Bf2 Rf8 53.Ra3 Kc6 54.Kh5 Rf6 55.Rb3 Bb6 56.Ra3 Ba7 57.Rb3 Bb6
58.Kg4 Rg6+ 59.Kh3 Rf6 60.Kg2 Rg6+ 61.Kf1 h5 62.Rb2 h4 63.Ra2 Rg7 64.Bxh4 Bxd4
65.Bf2 Ba7 66.Bxa7 Rxa7 67.Ke2 Kc7 68.f4 Kb8 69.Kf3 Rf7 70.Kg4 d4 71.f5 d3
72.Rd2 Rd7 73.f6 Ka7 74.Kf5 Kxa6 75.Ke6 Rd8 76.f7 Kb5  1-0

[Event "EY Boys Teams 2013"]
[Site "Maribor SLO"]
[Date "2013.07.10"]
[Round "5"]
[White "Drnovsek,G"]
[Black "Kriebel,T"]
[Result "1/2-1/2"]
[WhiteElo "2203"]
[BlackElo "2349"]

1.d4 Nf6 2.c4 g6 3.Nc3 d5 4.cxd5 Nxd5 5.e4 Nxc3 6.bxc3 Bg7 7.Bc4 O-O 8.Ne2 c5
9.O-O Nc6 10.Be3 Na5 11.Bd3 b6 12.Rc1 e5 13.dxc5 Be6 14.c4 bxc5 15.Bxc5 Bh6
16.Bxf8 Bxc1 17.Bb4 Bh6 18.c5 Nc6 19.Bc3 Qe7 20.Qa4 Qxc5 21.Qb5 Qd6 22.Bc4 Rd8
23.Bxe6 Qxe6 24.Qa4 Rd3 25.Qb5 Rd8 26.Qa4 Nd4 27.Ng3 Bf4 28.Re1 Qb6 29.Ne2 Nxe2+
30.Rxe2 Qb1+ 31.Re1 Qd3 32.Qb3 Rc8 33.Bb4 Qd4 34.g3 Rb8 35.Bc3 Rxb3 36.Bxd4 Ra3
37.Bc5 Ra5 38.gxf4 Rxc5 39.fxe5 Rc2 40.Rb1 Rxa2 41.Rb8+ Kg7 42.Rb7 Kf8 43.e6 fxe6
44.Rxh7 a5 45.Ra7 a4 46.Kg2 a3 47.Kf3 g5 48.Ra5 Ra1 49.Rxg5 Rh1 50.Ra5 Rxh2
51.Kg3 Rh1 52.Rxa3 Kf7 53.Kf4 Rh5 54.Kg4 Rb5 55.Ra7+ Kf6 56.f4 Rb1 57.e5+ Kg6
58.Re7 Rb6 59.Rd7 Rb1 60.Re7 Rb6 61.Kf3 Ra6 62.Ke3 Ra3+ 63.Kd4 Ra4+ 64.Kc5 Rxf4
65.Kd6 Ra4 66.Rxe6+ Kf7 67.Re7+ Kf8 68.Rb7 Ra6+ 69.Kd5 Ke8 70.Ke4 Rc6 71.Kf5 Ra6
72.Rh7 Rb6 73.Rh8+ Ke7 74.Ra8 Rc6 75.Ra7+ Ke8 76.e6 Rc1  1/2-1/2

[Event "V4 Int Open ch-SVK 2013"]
[Site "Banska Stiavnica SVK"]
[Date "2013.07.11"]
[Round "6.16"]
[White "Gbyl,A"]
[Black "Pinter,E"]
[Result "1/2-1/2"]
[WhiteElo "2174"]
[BlackElo "2364"]

1.d4 Nf6 2.c4 g6 3.Nc3 d5 4.cxd5 Nxd5 5.e4 Nxc3 6.bxc3 Bg7 7.Bc4 c5 8.Ne2 Nc6
9.Be3 O-O 10.O-O Bd7 11.Rb1 Qc7 12.Bd3 Rfd8 13.h3 Be8 14.d5 Ne5 15.c4 e6
16.f4 Nxd3 17.Qxd3 b5 18.Rfd1 bxc4 19.Qxc4 exd5 20.Rxd5 Rxd5 21.Qxd5 Rc8
22.e5 Bf8 23.Rb7 Qc6 24.Nc3 a5 25.Ra7 Qb6 26.Rb7 Qc6 27.Ra7 Qb6 28.Rb7 Qc6
29.Ra7  1/2-1/2

[Event "ch-BEL Open 2013"]
[Site "Antwerp BEL"]
[Date "2013.07.12"]
[Round "7.7"]
[White "Lacrosse,M"]
[Black "Roos,Dav"]
[Result "1-0"]
[WhiteElo "2199"]
[BlackElo "2073"]

1.d4 Nf6 2.c4 g6 3.Nc3 d5 4.cxd5 Nxd5 5.e4 Nxc3 6.bxc3 Bg7 7.Be3 c5 8.Rc1 Qa5
9.Qd2 cxd4 10.cxd4 Qxd2+ 11.Kxd2 O-O 12.Nf3 Bg4 13.Bb5 Bxf3 14.gxf3 Rd8 15.Ke2 a6
16.Ba4 b5 17.Bb3 a5 18.Rc7 Kf8 19.Bg5 f6 20.Be3 Na6 21.Rb7 Rdb8 22.Rxb8+ Rxb8
23.Rc1 g5 24.Be6 Bh8 25.Rc6 Ra8 26.Bd2 Kg7 27.Bxa5 Nb8 28.Rc8 Rxa5 29.Rxb8 h5
30.Rb7 Kf8 31.Ke3 Ra6 32.Bb3 e6 33.Rxb5 Kg7 34.Rb7+ Kg6 35.Re7 e5 36.d5 Bg7
37.Re8 g4 38.fxg4 hxg4 39.f3 Bh6+ 40.Kf2 gxf3 41.Kxf3 Bf4 42.h4 Bc1 43.Kg4 Ba3
44.h5+ Kh6 45.Re6  1-0

[Event "V4 Int Open ch-SVK 2013"]
[Site "Banska Stiavnica SVK"]
[Date "2013.07.12"]
[Round "7.26"]
[White "Dolnak,Michal"]
[Black "Holeczy,Ma"]
[Result "1/2-1/2"]
[WhiteElo "2167"]
[BlackElo "2015"]

1.d4 Nf6 2.c4 g6 3.Nc3 d5 4.cxd5 Nxd5 5.e4 Nxc3 6.bxc3 Bg7 7.Bb5+ c6 8.Bc4 O-O
9.Be3 c5 10.Ne2 Nc6 11.O-O Qc7 12.Rc1 e6 13.Bf4 Qe7 14.Qd2 Rd8 15.Bg5 Bf6
16.Bxf6 Qxf6 17.Rfd1 Na5 18.Bd3 b6 19.Qe3 Qe7 20.Qg3 Bb7 21.h4 Rd7 22.h5 e5
23.hxg6 hxg6 24.d5 c4 25.Bc2 Kg7 26.Rf1 f6 27.f4 Qc5+ 28.Rf2 Re8 29.Rf1 Rf7
30.fxe5 fxe5 31.Qg5 Bc8 32.Nd4 Rxf2 33.Rxf2 Qe7 34.Nf5+ Bxf5 35.Qxe7+ Rxe7
36.exf5 gxf5 37.Bxf5 Nb7 38.Be6 Nd6  1/2-1/2

[Event "V4 Int Open ch-SVK 2013"]
[Site "Banska Stiavnica SVK"]
[Date "2013.07.12"]
[Round "7.5"]
[White "Pacher,M"]
[Black "Nasuta,G"]
[Result "1-0"]
[WhiteElo "2455"]
[BlackElo "2353"]

1.d4 Nf6 2.c4 g6 3.Nc3 d5 4.cxd5 Nxd5 5.e4 Nxc3 6.bxc3 Bg7 7.Nf3 c5 8.Be3 Qa5
9.Qd2 O-O 10.Rc1 Rd8 11.d5 e6 12.Bg5 f6 13.c4 Qxd2+ 14.Bxd2 b6 15.Bd3 Na6
16.O-O Nc7 17.Bf4 e5 18.Be3 Ne8 19.Nd2 Nd6 20.a4 Bd7 21.a5 Rdc8 22.Rc3 Bf8
23.f3 f5 24.Rb1 bxa5 25.Ra3 a4 26.Bc2 Rab8 27.Rxb8 Rxb8 28.Bxa4 f4 29.Bf2 Rb2
30.Bxd7 Rxd2 31.Be6+ Kh8 32.Bh4 h6 33.Bf6+ Bg7 34.Be7 Nxc4 35.Rxa7 Ne3 36.d6 Rxg2+
37.Kh1 Rd2 38.Ra1 Nc2 39.Ra8+  1-0

[Event "V4 Int Open ch-SVK 2013"]
[Site "Banska Stiavnica SVK"]
[Date "2013.07.12"]
[Round "7.60"]
[White "Motuzova,M"]
[Black "Pereszlenyi,G"]
[Result "1/2-1/2"]
[WhiteElo "1825"]
[BlackElo "2021"]

1.d4 Nf6 2.c4 g6 3.Nc3 d5 4.cxd5 Nxd5 5.e4 Nxc3 6.bxc3 Bg7 7.Bc4 c5 8.Ne2 O-O
9.O-O cxd4 10.cxd4 Nc6 11.Be3 Na5 12.Bd3 e6 13.Qd2 b6 14.Rac1 Bb7 15.f3 Qd7
16.Rfd1 Rac8 17.Qb4 Rxc1 18.Rxc1 Rc8 19.Rxc8+ Qxc8 20.Qc3 Qxc3 21.Nxc3 Nc6
22.e5 Nb4 23.Bb1 Nd5 24.Nxd5 Bxd5 25.Kf2 Bc4 26.f4 h5 27.g3 Bf8 28.Bc1 Bb4
29.Ke3 Kf8 30.a3 Be7 31.Kf2 Ke8 32.h3 Kd7 33.g4 hxg4 34.hxg4 Kc6 35.Ke3 b5
36.Bb2 Bh4 37.Bc3 Be7 38.Bb4 Bd8 39.Be4+ Bd5 40.Bd3 a5 41.Bc3 Kb6 42.f5 gxf5
43.gxf5 Be7 44.Bb2 Bg5+ 45.Ke2 a4 46.fxe6 fxe6 47.Bc2 Kc6 48.Kd3 Bf3 49.Bb1 Bd5
50.Bc2 Ba2 51.Ke4 Bc4 52.Bd1 Bf1 53.Bh5 Bg2+ 54.Kd3 Kd5 55.Be2 Be4+ 56.Kc3 Kc6
57.Kb4  1/2-1/2

[Event "Werner-Ott-Open 2013"]
[Site "Berlin GER"]
[Date "2013.07.12"]
[Round "7.8"]
[White "Albrecht,R"]
[Black "Peschke,U"]
[Result "1/2-1/2"]
[WhiteElo "2122"]
[BlackElo "2025"]

1.d4 Nf6 2.c4 g6 3.Nc3 d5 4.cxd5 Nxd5 5.e4 Nxc3 6.bxc3 Bg7 7.Qa4+ Nd7 8.Nf3 O-O
9.Bg5 h6 10.Be3 c5 11.Rc1 cxd4 12.cxd4 Nb6 13.Qb3 Bg4  1/2-1/2

[Event "XV Sant Marti Open A"]
[Site "Barcelona ESP"]
[Date "2013.07.13"]
[Round "1.45"]
[White "Sorm,D"]
[Black "Carlsen,E"]
[Result "1-0"]
[WhiteElo "2304"]
[BlackElo "1947"]

1.d4 Nf6 2.c4 g6 3.Nc3 d5 4.cxd5 Nxd5 5.e4 Nxc3 6.bxc3 Bg7 7.Bc4 O-O 8.Ne2 c5
9.O-O Nc6 10.Be3 cxd4 11.cxd4 b6 12.h4 h5 13.e5 Na5 14.Bd3 Bg4 15.f3 Be6
16.Be4 Rc8 17.d5 Bf5 18.Bxf5 gxf5 19.f4 e6 20.dxe6 Qxh4 21.e7 Qxe7 22.Nd4 Qh4
23.Nxf5 Qd8 24.Qxh5 Rc6 25.Nxg7 Kxg7 26.f5 Rg8 27.Rad1 Qc7 28.Rf3 Kf8 29.Bh6+ Ke8
30.e6  1-0

[Event "23rd Heart of FIN"]
[Site "Jyvaskyla FIN"]
[Date "2013.07.13"]
[Round "8.2"]
[White "Gavrilov,Al1"]
[Black "Sakalauskas,V"]
[Result "0-1"]
[WhiteElo "2452"]
[BlackElo "2386"]

1.d4 Nf6 2.c4 g6 3.Nc3 d5 4.cxd5 Nxd5 5.e4 Nxc3 6.bxc3 Bg7 7.Qa4+ Bd7 8.Qa3 b6
9.Be3 O-O 10.Nf3 Bc6 11.Bd3 Nd7 12.Rd1 Nf6 13.d5 Bb7 14.O-O Qd6 15.Qb3 e5
16.Nd2 Nd7 17.Nc4 Qe7 18.Qb4 Bf6 19.f4 c5 20.Qb3 Rfd8 21.f5 Ba6 22.d6 Qe8
23.a4 Kg7 24.Na3 Bxd3 25.Rxd3 a6 26.Qd5 Rdc8 27.g4 h6 28.Bc1 Ra7 29.fxg6 fxg6
30.Rdf3 Qg8 31.Qd2 Bg5 32.Qf2 Rf8 33.Bxg5 hxg5 34.Rxf8 Qxf8 35.Qd2 Qd8 36.Nc4 b5
37.axb5 axb5 38.Ne3 Ra6 39.Rd1 Nf6 40.h3 Nxe4 41.Qd5 Rxd6 42.Qxe5+ Kh6 43.Rxd6 Nxd6
44.Qxc5 Qf6 45.Nd1 Qf4 46.Nf2 Nc4 47.Qc8 Qc1+ 48.Kg2 Qxc3 49.Qf8+ Qg7 50.Qb8 Qf6
51.Kf1 Ne3+ 52.Ke2 Nd5 53.Ne4 Qb2+ 54.Kd1 Ne3+ 55.Ke1 Ng2+ 56.Kf1 Qb1+ 57.Kxg2 Qxe4+
58.Kg1 Qe3+ 59.Kg2 Qe2+ 60.Kg1 Qd1+ 61.Kf2 Qd2+ 62.Kg1 Qd4+ 63.Kg2 Qd5+ 64.Kf2 Kg7
65.Qc7+ Kf6 66.Qb6+ Kf7 67.Qc7+ Ke6 68.Qb6+ Kd7 69.Qxg6 Qd2+ 70.Kf3 b4 71.Qf7+ Kc6
72.Qe8+ Kc5 73.Qe7+ Kc4 74.Qc7+ Kb3 75.Qf7+ Kb2 76.h4 Qd3+ 77.Kg2 gxh4 78.Qf6+ Ka2
79.Qf2+ Ka3 80.Qxh4 Qe4+ 81.Kh2 b3 82.Qg5 b2 83.Qa5+ Kb3 84.Qb5+ Kc2 85.Qc5+ Kd1
86.Qd6+ Kc1 87.Qh6+ Kc2  0-1

[Event "28th Gniot Mem 2013"]
[Site "Police POL"]
[Date "2013.07.13"]
[Round "4.3"]
[White "Malisauskas,V"]
[Black "Schmidt,Wl"]
[Result "1/2-1/2"]
[WhiteElo "2450"]
[BlackElo "2371"]

1.d4 Nf6 2.c4 g6 3.Nc3 d5 4.cxd5 Nxd5 5.e4 Nxc3 6.bxc3 Bg7 7.Bc4 c5 8.Ne2 Nc6
9.Be3 O-O 10.O-O Na5 11.Bd3 b6 12.Qd2 e5 13.d5 f5 14.Bg5 Qe8 15.exf5 gxf5
16.Ng3 Nb7 17.d6 Nxd6 18.Be2 Nf7 19.Nh5 Qe6 20.Bf3 e4  1/2-1/2

[Event "10th South Wales Int 2013"]
[Site "Penarth WLS"]
[Date "2013.07.14"]
[Round "2.14"]
[White "Menadue,J"]
[Black "Ralphs,Nigel"]
[Result "1-0"]
[WhiteElo "2145"]
[BlackElo "1913"]

1.d4 Nf6 2.c4 g6 3.Nc3 d5 4.cxd5 Nxd5 5.e4 Nxc3 6.bxc3 Bg7 7.Bb5+ c6 8.Ba4 O-O
9.Ne2 b5 10.Bb3 a5 11.Be3 a4 12.Bc2 c5 13.Rb1 cxd4 14.cxd4 e6 15.h4 Nc6 16.h5 Qa5+
17.Kf1 Ba6 18.hxg6 fxg6 19.Nf4 Rxf4 20.Bxf4 Nxd4 21.Be3 Nxc2 22.Qxc2 b4+
23.Kg1 Rc8 24.Qd1 Bc4 25.Rc1 Rd8 26.Qc2 Bc3 27.Rd1 b3 28.axb3 Bxb3 29.Rxd8+ Qxd8
30.Qxc3 Qd1+ 31.Kh2 Qh5+ 32.Kg1 Qd1+ 33.Kh2 Qh5+ 34.Kg3 Qxh1 35.Qc8+ Kf7
36.Qd7+ Kf6 37.e5+ Kf5 38.Qd3+ Kxe5 39.Qd4+ Kf5 40.Qf4+  1-0

[Event "28th Gniot Mem 2013"]
[Site "Police POL"]
[Date "2013.07.16"]
[Round "7.3"]
[White "Chojnacki,K"]
[Black "Shishkin,Va UKR"]
[Result "1/2-1/2"]
[WhiteElo "2442"]
[BlackElo "2509"]

1.d4 Nf6 2.c4 g6 3.Nc3 d5 4.cxd5 Nxd5 5.e4 Nxc3 6.bxc3 Bg7 7.Bc4 c5 8.Ne2 O-O
9.O-O Nc6 10.Be3 Na5 11.Bd3 b6 12.Rc1 Bb7 13.d5 c4 14.Bc2 e6 15.dxe6 fxe6
16.Nd4 Qe7 17.Qg4 e5 18.Nf3 Bc6 19.h4 Rae8 20.h5 Bd7 21.Qg3 gxh5 22.Nh4 Kh8
23.Rcd1 Bf6 24.Nf5 Bxf5 25.exf5 Nb7 26.Qh3 h4 27.Be4 Nc5 28.Bd5 Bg5 29.Bxc4 Bxe3
30.fxe3 Qg5 31.Bd5 Rf6 32.e4 Rd6 33.c4 Red8 34.f6 Rxf6 35.Rxf6 Qxf6 36.Rf1 Qh6
37.Qg4 Nd7 38.Rf7 Nf6 39.Qf5 Qe3+ 40.Kh1 Qe1+  1/2-1/2

[Event "17th Battle of Senta"]
[Site "Senta SRB"]
[Date "2013.07.16"]
[Round "5.8"]
[White "Kokeza,M"]
[Black "Nagy,At1 SRB"]
[Result "1/2-1/2"]
[WhiteElo "2315"]
[BlackElo "2206"]

1.d4 Nf6 2.c4 g6 3.Nc3 d5 4.cxd5 Nxd5 5.e4 Nxc3 6.bxc3 Bg7 7.Bg5 c5 8.Rc1 O-O
9.d5 Qd6 10.Bd3 e6 11.c4 exd5 12.exd5 Nd7 13.Ne2 Ne5 14.Bf4 Qf6 15.O-O Bg4
16.f3 Nxd3 17.Qxd3 Bf5 18.Qd2 Qb2 19.Rfd1 Rfe8 20.Ng3 Bd7 21.Qxb2 Bxb2 22.Rb1 Bd4+
23.Rxd4 cxd4 24.Rxb7 Bc8 25.Rc7 f5 26.h4 d3 27.c5 Rb8 28.d6 Rb1+ 29.Kh2 Rb4
30.Bd2 Rxh4+ 31.Kg1 Rd4 32.Nf1 Be6 33.Ne3 f4 34.Nd1 Bf5 35.Nb2 Rc8 36.Rxc8+ Bxc8
37.Nc4 Kf7 38.Ne5+ Ke6 39.Ng4 Bb7 40.Kf2 h5 41.Nh6 Bc6 42.Ng8 Rc4 43.Ne7 Rxc5
44.Nxg6 Rc2 45.Nxf4+ Kxd6 46.Ke3 Bb5 47.g4 Rxa2 48.g5 Ra1  1/2-1/2

[Event "Czech Open G1 Rapid 2013"]
[Site "Pardubice CZE"]
[Date "2013.07.17"]
[Round "1.37"]
[White "Neverov,V"]
[Black "Postupa,P2"]
[Result "1-0"]
[WhiteElo "2492"]
[BlackElo "2229"]

1.d4 Nf6 2.c4 g6 3.Nc3 d5 4.cxd5 Nxd5 5.e4 Nxc3 6.bxc3 Bg7 7.Nf3 c5 8.Rb1 O-O
9.Be2 Nc6 10.d5 Ne5 11.Nxe5 Bxe5 12.Qd2 e6 13.f4 Bc7 14.O-O exd5 15.exd5 Ba5
16.f5 Bxf5 17.Rxb7 Qf6 18.g4 Bxc3 19.Bb2 Bxd2 20.Bxf6 Be3+ 21.Kg2 Be4+ 22.Bf3 Bd3
23.Rd1 c4 24.d6 Bc2 25.Re1 Bd2 26.Ree7 Rad8 27.Red7 Rxd7 28.Rxd7 Ba4 29.Rxa7 c3
30.Rxa4 c2 31.Rc4 c1=Q 32.Rxc1 Bxc1 33.d7 Bf4 34.d8=Q Rxd8 35.Bxd8 f5 36.gxf5 gxf5
37.a4 Be3 38.a5 Ba7 39.Bb6 Bb8 40.a6 Kg7 41.a7  1-0

[Event "Czech Open G1 Rapid 2013"]
[Site "Pardubice CZE"]
[Date "2013.07.17"]
[Round "1.53"]
[White "Cerveny,M"]
[Black "Ovchinnikov,Vsevolod"]
[Result "1-0"]
[WhiteElo "2357"]
[BlackElo "2027"]

1.d4 Nf6 2.c4 g6 3.Nc3 d5 4.cxd5 Nxd5 5.e4 Nxc3 6.bxc3 Bg7 7.Nf3 O-O 8.Be2 c5
9.Rb1 cxd4 10.cxd4 Qa5+ 11.Qd2 Qxd2+ 12.Bxd2 Rd8 13.Be3 b6 14.Bd3 Nc6 15.d5 Bg4
16.O-O Bxf3 17.gxf3 Nd4 18.Kg2 e6 19.Bg5 Rd7 20.Bc4 Rc7 21.Rfc1 Rac8 22.Ba6 Rxc1
23.Bxc1 Rd8 24.Bg5 Rd6 25.Rc1 h6 26.Rc8+ Kh7 27.Be7 Rd7 28.d6 Be5 29.f4 Bxd6
30.Bf6 g5 31.Bxd4 Bxf4 32.Rh8+ Kg6 33.Rg8+ Kh5 34.Be2+ Kh4 35.Bf6 Rd2 36.Rh8  1-0

[Event "Czech Open G1 Rapid 2013"]
[Site "Pardubice CZE"]
[Date "2013.07.17"]
[Round "3.39"]
[White "Cerveny,M"]
[Black "Postupa,P2"]
[Result "0-1"]
[WhiteElo "2357"]
[BlackElo "2229"]

1.d4 Nf6 2.c4 g6 3.Nc3 d5 4.cxd5 Nxd5 5.e4 Nxc3 6.bxc3 Bg7 7.Nf3 c5 8.Rb1 O-O
9.Be2 b6 10.O-O Bb7 11.Qd3 Ba6 12.Qe3 Bxe2 13.Qxe2 cxd4 14.cxd4 Nc6 15.d5 Na5
16.Rd1 Qd7 17.Bb2 Bxb2 18.Qxb2 Rfc8 19.e5 Rc5 20.Qd2 Rac8 21.Qh6 f6 22.h4 Rxd5
23.Re1 Qd8 24.Re4 Rc4 25.Rbe1 Rd1 26.Rxd1 Qxd1+ 27.Re1 Qd8 28.h5 g5 29.Nxg5 fxg5
30.Qxg5+ Kh8 31.h6 Qf8 32.Rd1 Nc6 33.Rd3 Rf4 34.e6 Rf6 35.Qd5 Nb4 36.Qd4 Nxd3  0-1

[Event "Czech Open G1 Rapid 2013"]
[Site "Pardubice CZE"]
[Date "2013.07.18"]
[Round "9.44"]
[White "Gergel,V"]
[Black "Ovchinnikov,Vsevolod"]
[Result "0-1"]
[WhiteElo "2229"]
[BlackElo "2027"]

1.d4 Nf6 2.c4 g6 3.Nc3 d5 4.cxd5 Nxd5 5.e4 Nxc3 6.bxc3 Bg7 7.Qa4+ c6 8.Qa3 O-O
9.Bg5 Re8 10.Rd1 Nd7 11.Nf3 Nb6 12.Be2 Be6 13.O-O Qd6 14.Qb2 Na4 15.Qc2 b5
16.Bc1 Nb6 17.Rfe1 Rac8 18.Ng5 Bc4 19.e5 Qc7 20.Ba3 Rcd8 21.Bg4 Bd5 22.e6 f6
23.Nf7 Rc8 24.Qc1 Nc4 25.Bc5 Nd6 26.Bh3 f5 27.Ng5 Bh6 28.f4 Bxg5 29.fxg5 Ne4
30.g4 Nf2 31.Bg2 Nxg4 32.Qd2 Qxh2+ 33.Kf1 Bxg2+ 34.Qxg2 Qf4+ 35.Kg1 Ne3 36.Rxe3 Qxe3+
37.Kf1 Qxe6 38.Re1 Qc4+ 39.Kg1 e5  0-1

[Event "12th Condom Open"]
[Site "Condom FRA"]
[Date "2013.07.19"]
[Round "8.4"]
[White "Alcaraz Ortega,J"]
[Black "Miron,L"]
[Result "0-1"]
[WhiteElo "2345"]
[BlackElo "2544"]

1.d4 Nf6 2.c4 g6 3.Nc3 d5 4.cxd5 Nxd5 5.e4 Nxc3 6.bxc3 Bg7 7.Nf3 O-O 8.Be3 c5
9.Be2 Qa5 10.Nd2 cxd4 11.cxd4 f5 12.O-O Qd8 13.exf5 gxf5 14.Nf3 Be6 15.Qd2 Nc6
16.Bh6 Nxd4 17.Nxd4 Qxd4 18.Qxd4 Bxd4 19.Bxf8 Bxa1 20.Bxe7 Be5 21.a4 Kf7
22.Bc5 Bf6 23.Be3 b6 24.Rc1 Rc8 25.Rxc8 Bxc8 26.f4 Bd7 27.Bd1 Bd8 28.h3 a6
29.g4 b5 30.axb5 Bxb5 31.Bb3+ Kg6 32.Bc2 Bd7 33.Kf2 a5 34.Bd2 a4 35.Bb4 Bf6
36.Ba3 Kf7 37.gxf5 h6 38.Kf3 Be7 39.Bb2 Bf6 40.Ba3 Be7 41.Bb2 a3 42.Be5 Bf6
43.Bb3+ Ke7 44.Kg4 Be8 45.Bd5 h5+ 46.Kf3 Ba4 47.Ba2 Bc2 48.Bc7 Bxf5 49.Ba5 Ke8
50.Kg3 h4+ 51.Kg2 Bg6 52.Bb4 Be7 53.Bc3 Bf7 54.Bb1 Bd5+ 55.Kf2 Kf7 56.Ke3 a2
57.Bxa2 Bxa2 58.f5 Bd5  0-1

[Event "Horsens Lang Weekend 2013"]
[Site "Horsens DEN"]
[Date "2013.07.19"]
[Round "3.1"]
[White "Jorgensen,BJ"]
[Black "Nielsen,PH"]
[Result "1/2-1/2"]
[WhiteElo "2248"]
[BlackElo "2658"]

1.d4 Nf6 2.c4 g6 3.Nc3 d5 4.cxd5 Nxd5 5.e4 Nxc3 6.bxc3 Bg7 7.Bg5 c5 8.Rc1 O-O
9.Nf3 Bg4 10.d5 Qd6 11.Be2 Nd7 12.h3 Bxf3 13.Bxf3 b5 14.O-O c4 15.Qd2 Nc5
16.Qe3 Rac8 17.Rc2 e6 18.Rd1 Qc7 19.dxe6 Nxe6 20.Rd5 Nxg5 21.Qxg5 a6 22.e5 Rcd8
23.Re2 Rfe8 24.e6 fxe6 25.Rxe6 Bxc3 26.Qe3 Rxe6 27.Qxe6+ Kg7 28.Qxa6 Rxd5
29.Bxd5 Bd4 30.Qxb5 Qe5 31.Qd7+ Kh6 32.Qf7 Qe1+ 33.Kh2 Qxf2 34.Qxf2 Bxf2
35.Bxc4  1/2-1/2

[Event "Yinzhou Cup CHN-USA"]
[Site "Ningbo CHN"]
[Date "2013.07.19"]
[Round "1.3"]
[White "Zenyuk,I"]
[Black "Ding Yixin"]
[Result "1/2-1/2"]
[WhiteElo "2250"]
[BlackElo "2432"]

1.d4 Nf6 2.c4 g6 3.Nc3 d5 4.cxd5 Nxd5 5.e4 Nxc3 6.bxc3 Bg7 7.Be3 c5 8.Qd2 Qa5
9.Rc1 O-O 10.Nf3 Bg4 11.Be2 e6 12.d5 exd5 13.exd5 c4 14.O-O Nd7 15.Rfd1 Bxf3
16.Bxf3 Ne5 17.Be2 Rad8 18.Qb2 Rxd5 19.Rxd5 Qxd5 20.Bxa7 Nd3 21.Bxd3 cxd3
22.Be3 Ra8 23.a3 Be5 24.h3 b5 25.Rb1 Bd6 26.g3 Qe4 27.Qd2 Rxa3 28.Rd1 Be5
29.Qxd3 Qxd3 30.Rxd3 Bxc3 31.Bc1 Rb3 32.Kg2 b4 33.Bd2 Ra3 34.Bxc3 bxc3 35.Rd8+ Kg7
36.Rc8 Kf6 37.Kf3 Ke5 38.Ke3 h5 39.h4 c2+ 40.Ke2 Ra2 41.Ke3 Kf5 42.Kf3 Ke5
43.Ke3 Kd5 44.Rc7 f6 45.Rc8 g5 46.hxg5 fxg5 47.Rd8+ Kc4 48.Rc8+ Kb3 49.Kd2 h4
50.gxh4 gxh4 51.Rc3+ Kb4 52.Rh3 c1=Q+ 53.Kxc1 Rxf2  1/2-1/2

[Event "7th LCT 2013"]
[Site "Leiden NED"]
[Date "2013.07.20"]
[Round "8.16"]
[White "Lecomte,Robin"]
[Black "Van 't Hof,E"]
[Result "1-0"]
[WhiteElo "1930"]
[BlackElo "2144"]

1.d4 Nf6 2.c4 g6 3.Nc3 d5 4.cxd5 Nxd5 5.e4 Nxc3 6.bxc3 Bg7 7.Nf3 c5 8.Bb5+ Bd7
9.Be2 O-O 10.O-O cxd4 11.cxd4 Nc6 12.Be3 e5 13.d5 Na5 14.Bc5 Re8 15.Qd2 b6
16.Bb4 Nb7 17.Rac1 Bg4 18.Bb5 Bd7 19.Bc6 Rb8 20.Rc2 a5 21.Ba3 b5 22.Rfc1 b4
23.Bb2 Nd6 24.Qe3 Re7 25.Nd2 Nb5 26.Qd3 Bh6 27.Rc5 Nd6 28.R1c2 f6 29.Nb3 a4
30.Na5 b3 31.axb3 axb3 32.R2c3 Qb6 33.Rxb3 Qxc5 34.Rxb8+ Kg7 35.Ba3 Qxa5
36.Bxd6 Bc8 37.Bxe7 Ba6 38.Bb5 Qc7 39.Bxa6 Qxb8 40.d6  1-0

[Event "ch-AUT w 2013"]
[Site "Feldkirch AUT"]
[Date "2013.07.21"]
[Round "2.3"]
[White "Zechner,A"]
[Black "Schnegg,A"]
[Result "0-1"]
[WhiteElo "1945"]
[BlackElo "2104"]

1.d4 Nf6 2.c4 g6 3.Nc3 d5 4.cxd5 Nxd5 5.e4 Nxc3 6.bxc3 Bg7 7.Bc4 c5 8.Ne2 Nc6
9.Be3 O-O 10.O-O Qc7 11.Rc1 b6 12.Qd2 Bb7 13.Bh6 Rad8 14.Bxg7 Kxg7 15.Qe3 e5
16.d5 Ne7 17.Rcd1 Nc8 18.Ng3 f6 19.f4 exf4 20.Rxf4 Qe5 21.Rh4 h5 22.Qf3 Rh8
23.Rf1 Nd6 24.Bd3 Bc8 25.Rf4 Rdf8 26.Qd1 Qxc3 27.Ne2 Qe5 28.Qa4 Rf7 29.Kh1 Rhf8
30.Ng1 f5 31.exf5 Bxf5 32.Bxf5 Nxf5 33.Qb3 Rd7 34.R4f2 Qxd5 35.Qb2+ Qd4 36.Qe2 Rdf7
37.Nf3 Qf6 38.Qd2 Rd8 39.Qc1 Rfd7 40.Qf4 Re7 41.Nh4 Qxh4  0-1

[Event "ch-AUT 2013"]
[Site "Feldkirch AUT"]
[Date "2013.07.21"]
[Round "2.3"]
[White "Kleiser,G"]
[Black "Schreiner,Pe"]
[Result "0-1"]
[WhiteElo "2267"]
[BlackElo "2447"]

1.d4 Nf6 2.c4 g6 3.Nc3 d5 4.cxd5 Nxd5 5.e4 Nxc3 6.bxc3 Bg7 7.Nf3 c5 8.Rb1 O-O
9.Be2 b6 10.O-O Qc7 11.Bg5 Nc6 12.d5 Ne5 13.Qd2 f5 14.Nxe5 Qxe5 15.f4 Qxc3
16.Qxc3 Bxc3 17.e5 Bd4+ 18.Kh1 e6 19.Bf3 Rb8 20.Be7 Re8 21.Bd6 Ba6 22.Bxb8 Rxb8
23.Rfc1 exd5 24.Bxd5+ Kf8 25.Rb3 Rd8 26.Bf3 Bc8 27.Rd3 Be6 28.a4 Ke7 29.Rcd1 h6
30.Bc6 Rc8 31.Bb5 Bd5 32.h4 Rh8 33.Kh2 g5 34.Rxd4 cxd4 35.Rxd4 Be6 36.Kg3 g4
37.Bc4 Bd7 38.Rd6 Rc8 39.Bb5 Be6 40.Rc6 Rxc6 41.Bxc6 Kd8 42.Kf2 a6 43.Bb7 Bc4
44.Ke3 Kc7 45.Kd4 Be2 46.Bd5 g3 47.Ke3 Bd1 48.Be6 Bc2 49.Kf3 b5 50.axb5 axb5
51.Kxg3 b4 52.h5 b3 53.Kh4 b2 54.Ba2 b1=Q 55.Bxb1 Bxb1 56.g4 fxg4 57.Kxg4 Kc6
58.f5 Kd5 59.Kf4 Bc2 60.e6 Kd6 61.Kg4 Ke5  0-1

[Event "Corporation Cup 2013"]
[Site "Izhevsk RUS"]
[Date "2013.07.21"]
[Round "9.4"]
[White "Smirnov,Alexey"]
[Black "Shinkevich,V"]
[Result "0-1"]
[WhiteElo "2405"]
[BlackElo "2477"]

1.d4 Nf6 2.c4 g6 3.Nc3 d5 4.cxd5 Nxd5 5.e4 Nxc3 6.bxc3 Bg7 7.Nf3 c5 8.Rb1 O-O
9.Be2 Nc6 10.d5 Ne5 11.Nxe5 Bxe5 12.Qd2 e6 13.f4 Bc7 14.O-O exd5 15.exd5 Ba5
16.Ba3 b6 17.d6 Bf5 18.Rbd1 Qf6 19.Bb2 Rad8 20.g4 Be4 21.Bb5 Bb7 22.Qd3 c4
23.Bxc4 b5 24.Bd5 Bb6+ 25.Kg2 Qxd6 26.Rh1  0-1

[Event "Maccabiah IM2 2013"]
[Site "Jerusalem ISR"]
[Date "2013.07.21"]
[Round "1.4"]
[White "Gindi,S"]
[Black "Shvayger,Y"]
[Result "1-0"]
[WhiteElo "2278"]
[BlackElo "2265"]

1.d4 Nf6 2.c4 g6 3.Nc3 d5 4.cxd5 Nxd5 5.e4 Nxc3 6.bxc3 Bg7 7.Bg5 c5 8.Rc1 O-O
9.Nf3 Bg4 10.d5 Qa5 11.Qd2 e6 12.c4 Qa3 13.Be2 Re8 14.h3 Bxf3 15.Bxf3 Na6
16.O-O Nb4 17.d6 f6 18.Be3 Qxa2 19.Qxa2 Nxa2 20.Ra1 Nb4 21.Bxc5 Nc6 22.e5 fxe5
23.Rab1 Nd4 24.Bxb7 Rad8 25.Bc8 Bf8 26.Bxd4 exd4 27.d7 Rxc8 28.Rb7 a5 29.Rc7 Rcd8
30.dxe8=Q Rxe8 31.c5 a4 32.c6 a3 33.Rd7 Rc8 34.c7 d3 35.Ra1 d2 36.Kf1 d1=Q+
37.Raxd1  1-0